000 00670na a2200241 4500
001 19096
003 MIRAKIL
005 20181213155051.0
008 170116b tu 000 0
020 _a9755918744
040 _aMilas
_btur
_cTR-AnCHP
041 _atur
082 _a370.9561
_bT89a 2006
090 _a370.9561 T89a 2006
100 _aTuzcu, Gökhan
245 _aAvrupa Birliği'ne giriş süreci ve eğitimde vizyon 2023
_cGökhan Tuzcu
260 _aAnkara
_bTürk Eğitim Derneği
_c2006
300 _a310 s.
_btbl.
_c24 sm.
500 _aKaynakça var.
650 _aEğitim
_zAvrupa Birliği
650 _aEğitim
_zTürkiye
942 _2dcc
_cBKS
999 _c5949
_d5949